000 00506nam a2200181Ia 4500
999 _c32049
_d32049
003 OSt
005 20200727132010.0
008 190216s9999||||xx |||||||||||||| ||und||
020 _a9780486434797
040 _coclc
082 _a514.3
_bWIL/G
100 _aWillard, Stephen
_93788
245 0 _aGeneral Topology /
_cStephen Willard
260 _bDover Publication,
_aNew York:
_c1970.
300 _a369p
650 _aMathematics
942 _cBK
_2ddc
_h514.3
_iWIL/G
_k514.3
_mWIL/G